Lịch sử và địa lí 5
Kaydedildi:
| Materyal Türü: | Kitap |
|---|---|
| Dil: | Undetermined |
| Baskı/Yayın Bilgisi: |
Hà Nội
Giáo dục
2005
|
| Konular: | |
| Etiketler: |
Etiketle
Etiket eklenmemiş, İlk siz ekleyin!
|
| Thư viện lưu trữ: | Trung tâm Học liệu Trường Đại học Cần Thơ |
|---|
| LEADER | 00541nam a2200193Ia 4500 | ||
|---|---|---|---|
| 001 | CTU_106709 | ||
| 008 | 210402s9999 xx 000 0 und d | ||
| 020 | |c 7800 | ||
| 082 | |a 372.9 | ||
| 082 | |b L302/L5 | ||
| 245 | 0 | |a Lịch sử và địa lí 5 | |
| 245 | 0 | |c Nguyễn Anh Dũng ... [et al.] | |
| 260 | |a Hà Nội | ||
| 260 | |b Giáo dục | ||
| 260 | |c 2005 | ||
| 650 | |a Geography | ||
| 650 | |x Study and teaching | ||
| 904 | |i Tuyến, Q. Hiếu (sửa) | ||
| 980 | |a Trung tâm Học liệu Trường Đại học Cần Thơ | ||